IRIS Based Attendance Management System / (Record no. 615944)
[ view plain ]
| 000 -LEADER | |
|---|---|
| fixed length control field | 00670nam a22001697a 4500 |
| 003 - CONTROL NUMBER IDENTIFIER | |
| control field | NUST |
| 082 ## - DEWEY DECIMAL CLASSIFICATION NUMBER | |
| Classification number | 621.382,MUZ |
| 100 ## - MAIN ENTRY--PERSONAL NAME | |
| Personal name | Muzaffar, Fawad |
| 9 (RLIN) | 132919 |
| 245 ## - TITLE STATEMENT | |
| Title | IRIS Based Attendance Management System / |
| Statement of responsibility, etc. | Fawad Muzaffar, M. Akash Arshad and M. Abrar Nasir (BETE-54 / TCC-29) |
| 260 ## - PUBLICATION, DISTRIBUTION, ETC. | |
| Place of publication, distribution, etc. | Rawalpindi |
| Name of publisher, distributor, etc. | MCS (NUsT) |
| Date of publication, distribution, etc. | July, 2021 |
| 300 ## - PHYSICAL DESCRIPTION | |
| Extent | 42 p.; |
| 505 ## - FORMATTED CONTENTS NOTE | |
| Formatted contents note | Introduction (Page-1), Literature Review (Page-9), Implementation (Page-13), Results and Discussion (Page-30), Conclusion (Page-41), References (Page-42). |
| 650 ## - SUBJECT ADDED ENTRY--TOPICAL TERM | |
| Topical term or geographic name entry element | UG Project |
| 9 (RLIN) | 131132 |
| 651 ## - SUBJECT ADDED ENTRY--GEOGRAPHIC NAME | |
| Geographic name | (BETE-54 / TCC-29) |
| 9 (RLIN) | 132912 |
| 700 ## - ADDED ENTRY--PERSONAL NAME | |
| Personal name | Supervised by Dr. M. Imran |
| 9 (RLIN) | 132920 |
| 942 ## - ADDED ENTRY ELEMENTS (KOHA) | |
| Source of classification or shelving scheme | |
| Koha item type | Project Report |
| Withdrawn status | Lost status | Source of classification or shelving scheme | Damaged status | Not for loan | Permanent Location | Current Location | Shelving location | Date acquired | Total Checkouts | Full call number | Barcode | Date last seen | Price effective from | Koha item type | Public note |
|---|---|---|---|---|---|---|---|---|---|---|---|---|---|---|---|
| Military College of Signals (MCS) | Military College of Signals (MCS) | Reference | 01/26/2026 | 621.382,MUZ | MCSPTE-305 | 01/26/2026 | 01/26/2026 | Project Report | Almirah No.90, Shelf No.4 |
